000 00640nam a22002417a 4500
003 UA-OsUOA
001 120162
007 ta
008 20161214b un ||||| |||| 00| 0 ukr d
100 _aСтріндберг А.
090 _a821.113.6
_bС85
942 _cBK
040 _aUA-OsUOA
_bukr
_cUA-OsUOA
_dUA-OsUOA
245 _aЧервона кімната
_bроман
300 _a315 с.
955 _a3
041 _aukr
080 _a821.113.6
020 _a978-966-03-4739-7
260 _aХарків
_bФоліо
_c2009
650 7 _a82 Література. Літературознавство
_2UDC
999 _c361565
_d361565